UM Logo

International relations theory : (Record no. 5745)

MARC details
000 -LEADER
fixed length control field 01047cam a2200289 i 4500
001 - CONTROL NUMBER
control field 17439062
005 - DATE AND TIME OF LATEST TRANSACTION
control field 20161117155814.0
008 - FIXED-LENGTH DATA ELEMENTS--GENERAL INFORMATION
fixed length control field 120823s2013 caua b 001 0 eng
010 ## - LIBRARY OF CONGRESS CONTROL NUMBER
LC control number 2012947811
020 ## - INTERNATIONAL STANDARD BOOK NUMBER
International Standard Book Number 978-1-4462-5624-4 (pbk.)
040 ## - CATALOGING SOURCE
Original cataloging agency DLC
Language of cataloging eng
Description conventions rda
Transcribing agency DLC
Modifying agency DLC
042 ## - AUTHENTICATION CODE
Authentication code pcc
050 00 - LIBRARY OF CONGRESS CALL NUMBER
Classification number JZ1242
Item number .D33 2013
082 00 - DEWEY DECIMAL CLASSIFICATION NUMBER
Classification number DC 327.101
Edition number 2013
Item number D12
100 1# - MAIN ENTRY--PERSONAL NAME
Personal name Daddow, Oliver J.,
Dates associated with a name 1974-
Relator term author.
245 10 - TITLE STATEMENT
Title International relations theory :
Remainder of title the essentials /
Statement of responsibility, etc. Oliver Daddow.
250 ## - EDITION STATEMENT
Edition statement 2nd edition.
260 ## - PUBLICATION, DISTRIBUTION, ETC. (IMPRINT)
Place of publication, distribution, etc. Los Angeles:
Name of publisher, distributor, etc. SAGE Publications, Ltd.,
Date of publication, distribution, etc. c2013.
300 ## - PHYSICAL DESCRIPTION
Extent vi, 348 pages :
Other physical details illustrations ;
Dimensions 22 cm
504 ## - BIBLIOGRAPHY, ETC. NOTE
Bibliography, etc Includes bibliographical references and index.
650 #0 - SUBJECT ADDED ENTRY--TOPICAL TERM
Topical term or geographic name as entry element International relations.
650 #0 - SUBJECT ADDED ENTRY--TOPICAL TERM
Topical term or geographic name as entry element International relations
General subdivision Examinations
Form subdivision Study guides.
365 ## - TRADE PRICE
Price amount 3,259.00
Currency code Php
906 ## - LOCAL DATA ELEMENT F, LDF (RLIN)
a 7
b cbc
c orignew
d 2
e epcn
f 20
g y-gencatlg
942 ## - ADDED ENTRY ELEMENTS (KOHA)
Source of classification or shelving scheme Dewey Decimal Classification
Koha item type Circulation
Holdings
Withdrawn status Lost status Source of classification or shelving scheme Damaged status Not for loan Collection code Home library Current library Shelving location Date acquired Source of acquisition Total Checkouts Full call number Barcode Date last seen Date last checked out Copy number Cost, replacement price Price effective from Koha item type
    Dewey Decimal Classification     Circulation UM Digos College - LIC UM Digos College - LIC Book Cart 10/27/2016 Purchased 1 DC 327.101 D12 2013 24566 05/15/2025 09/18/2023 1 3259.00 11/17/2016 Circulation